South Park: Bigger, Longer & Uncut Songs Quiz Stats

Quiz not verified by Sporcle

Challenge
Share
Tweet
Embed
Score 0/13 Timer 05:00
0 Plays Today
Singer(s) Song % Correct
Sheila, Sharon, Liane, Mrs. McCormickBlame Canada
69.9%
Terrance & PhillipUncle F***a
63.5%
CartmanKyle's Mom's a Bitch
61.2%
SatanUp There
51.4%
Mr. MackeyIt's Easy, Mmmkay
49.1%
Stan, Sharon, Kenny, Sheila, Kyle, CartmanMountain Town
48.8%
EverybodyMountain Town Reprise
48.8%
Big Gay AlI'm Super
47.9%
Stan, Kyle, CartmanWhat Would Brian Boitano Do?
42.6%
EverybodyLa Resistance (Medley)
42.1%
The MoleLa Resistance Reprise
42.1%
Saddam HusseinI Can Change
40.5%
James HetfieldHell Isn't Good
17.1%

You're not logged in!

Compare scores with friends on all Sporcle quizzes.
Sign Up with Email
OR
Log In

You Might Also Like...

Show Comments

Extras

Top Quizzes Today


Score Distribution

Your Account Isn't Verified!

In order to create a playlist on Sporcle, you need to verify the email address you used during registration. Go to your Sporcle Settings to finish the process.